[Event "23rd Abu Dhabi Masters"]
[Site "Abu Dhabi UAE"]
[Date "2016.08.27"]
[Round "7.46"]
[White "Dimarucut, Francis Erwin"]
[Black "Dimakiling, Oliver"]
[Result "0-1"]
[BlackTitle "IM"]
[WhiteElo "2172"]
[BlackElo "2382"]
[WhiteFideId "5209277"]
[BlackFideId "5202248"]
[EventDate "2016.08.21"]

1. d4 e6 2. Nf3 c5 3. c3 d5 4. Bf4 Nc6 5. e3 Bd6 6. Bg3 Nge7 7. Nbd2 Ng6 8. Bd3
f5 9. Bxd6 Qxd6 10. h4 O-O 11. Ng5 h6 12. Qh5 e5 13. dxc5 Qf6 14. Nh3 Nxh4 15.
g3 Ng6 16. O-O-O Be6 17. f4 d4 18. exd4 exd4 19. c4 Nb4 20. Bb1 Ne7 21. a3 Na6
22. Rde1 Nxc5 23. b4 d3 24. bxc5 Qc3+ 25. Kd1 Bd7 26. Rxe7 Ba4+ 27. Ke1 Rae8 28.
Re5 Qc1+ 29. Kf2 Qxd2+ 30. Kg1 Rxe5 31. fxe5 Bc6 0-1

[Event "23rd Abu Dhabi Masters"]
[Site "Abu Dhabi UAE"]
[Date "2016.08.27"]
[Round "7.47"]
[White "Iniyan, P"]
[Black "Lakshmi, Narayanan M V"]
[Result "1-0"]
[WhiteElo "2368"]
[BlackElo "2155"]
[WhiteFideId "25002767"]
[BlackFideId "5040647"]
[EventDate "2016.08.21"]

1. d4 Nf6 2. c4 e6 3. Nc3 Bb4 4. Qc2 c5 5. dxc5 O-O 6. Nf3 Nc6 7. a3 Bxc5 8. b4
Nd4 9. Nxd4 Bxd4 10. Bb2 b6 11. e3 Be5 12. Bd3 Bb7 13. f4 Bb8 14. O-O d5 15.
cxd5 exd5 16. Ne2 Re8 17. Bd4 Bd6 18. Ng3 Ne4 19. Bxe4 dxe4 20. Rfd1 Qc7 21.
Qxc7 Bxc7 22. Nh5 f6 23. Bxf6 gxf6 24. Rd7 Rec8 25. Rc1 Bd8 26. Rxc8 Rxc8 27.
Rxb7 a5 28. Ng3 axb4 29. axb4 Kf8 30. Nxe4 Rc4 31. Nd6 Rc6 32. Rf7+ Kg8 33. Rd7
Be7 34. Rxe7 Rxd6 35. Rb7 f5 36. Kf2 h5 37. Kf3 Re6 38. g3 Rd6 39. h3 Re6 40. b5
Rd6 41. Re7 Kf8 42. Re5 Rf6 43. e4 1-0

[Event "23rd Abu Dhabi Masters"]
[Site "Abu Dhabi UAE"]
[Date "2016.08.27"]
[Round "7.48"]
[White "Tissir, Mohamed"]
[Black "Al Ghamdi, Ahmed M"]
[Result "1-0"]
[WhiteTitle "IM"]
[WhiteElo "2380"]
[BlackElo "2192"]
[WhiteFideId "9000240"]
[BlackFideId "21500150"]
[EventDate "2016.08.21"]

1. e4 e6 2. d4 d5 3. Nc3 a6 4. Bd3 Nf6 5. Nf3 Bb4 6. exd5 exd5 7. O-O O-O 8. Ne2
Bg4 9. Ng3 Nc6 10. c3 Bd6 11. h3 Bxg3 12. hxg4 Bd6 13. g5 Nh5 14. g3 g6 15. Kg2
f5 16. Rh1 f4 17. g4 Ng7 18. Qg1 Qd7 19. Kf1 Ne7 20. Bd2 c5 21. Re1 Ne6 22. Qh2
Rf7 23. Qh3 c4 24. Bc2 Nf8 25. Ke2 Re8 26. Kd1 Nc6 27. Reg1 b5 28. Nh4 Rg7 29.
Nf5 gxf5 30. gxf5 Rb8 31. Qf3 Bc7 32. f6 Rg6 33. Bxf4 Bxf4 34. Qxf4 Rb7 35. Bf5
Qc7 36. Qf3 Qd6 37. Bxg6 Nxg6 38. Qf5 Qd7 39. Qxd7 Rxd7 40. Re1 Nf8 41. f4 Kf7
42. f5 b4 43. Kc2 a5 44. Rh6 a4 45. Rg1 b3+ 46. axb3 axb3+ 47. Kd2 Ra7 48. g6+
hxg6 49. fxg6+ Nxg6 50. Rgxg6 Ra2 51. Rg7+ Ke6 52. f7+ 1-0

[Event "23rd Abu Dhabi Masters"]
[Site "Abu Dhabi UAE"]
[Date "2016.08.27"]
[Round "7.49"]
[White "Mehar, Chinna Reddy C.H."]
[Black "Tarini, Goyal"]
[Result "1-0"]
[WhiteTitle "FM"]
[BlackTitle "WFM"]
[WhiteElo "2373"]
[BlackElo "2142"]
[WhiteFideId "5027420"]
[BlackFideId "5082749"]
[EventDate "2016.08.21"]

1. d4 d5 2. c4 e6 3. Nc3 Nf6 4. Bf4 Be7 5. cxd5 exd5 6. e3 O-O 7. Bd3 c6 8. Qc2
Nbd7 9. Nf3 Re8 10. h3 Nf8 11. O-O-O Qa5 12. Kb1 Be6 13. g4 c5 14. dxc5 Bxc5 15.
Nd4 Rac8 16. Nb3 Qd8 17. Nxc5 Rxc5 18. Be5 N6d7 19. Bd4 Rc8 20. f4 Nc5 21. Bb5
Bd7 22. Bxd7 Qxd7 23. Qf5 Red8 24. Qxd7 Rxd7 25. f5 h6 26. Bxc5 Rxc5 27. Rd4 Nh7
28. Rhd1 Ng5 29. Nxd5 Kh8 30. Nf4 Re7 31. h4 Nf3 32. Rd8+ Kh7 33. h5 Ne5 34. Nd5
Rd7 35. Nf6+ gxf6 36. R8xd7 Nxd7 37. Rxd7 Kg7 38. Rxb7 Rc4 39. Rxa7 Rxg4 40. a4
Rg5 41. a5 Rxh5 42. a6 Rh1+ 43. Ka2 Rc1 44. Rd7 h5 45. a7 Rc8 46. b4 h4 47. b5
h3 48. Rd2 1-0

[Event "23rd Abu Dhabi Masters"]
[Site "Abu Dhabi UAE"]
[Date "2016.08.27"]
[Round "7.50"]
[White "Manush, Shah"]
[Black "Rajesh, V A V"]
[Result "1-0"]
[BlackTitle "IM"]
[WhiteElo "2151"]
[BlackElo "2346"]
[WhiteFideId "5040680"]
[BlackFideId "5029317"]
[EventDate "2016.08.21"]

1. d4 Nf6 2. c4 g6 3. Nc3 d5 4. Qa4+ Bd7 5. Qb3 dxc4 6. Qxc4 Bg7 7. Nf3 O-O 8.
e4 c6 9. Be2 Bg4 10. h3 Be6 11. Qd3 Na6 12. a3 Nd7 13. Be3 Nb6 14. Rd1 Bb3 15.
Rb1 f5 16. exf5 gxf5 17. g4 Qd7 18. Rg1 Bc4 19. Qc2 Bxe2 20. Kxe2 Kh8 21. Rg3 e6
22. gxf5 exf5 23. Rbg1 Bf6 24. Ne5 Qe8 25. Qxf5 Bh4 26. Rg8+ Rxg8 27. Nf7+ Qxf7
28. Qxf7 Rxg1 29. Bf4 Nc4 30. Qxc4 Bf6 31. Ne4 Re8 32. Kf3 Kg7 33. Ng3 Rf8 34.
Nh5+ Kh8 35. Nxf6 Rxf6 36. Ke3 b5 37. Qa2 Re1+ 38. Kd2 Rxf4 39. Kxe1 Nc7 40. Qb3
Nd5 41. Qg3 Rf7 42. Qd6 Rf6 43. Qb8+ Kg7 44. Qxa7+ Kg6 45. Qd7 Nf4 46. Kd2 Nd5
47. f3 h5 48. h4 Nb6 49. Qe8+ Kh6 50. Qh8+ Kg6 51. Qg8+ 1-0

[Event "23rd Abu Dhabi Masters"]
[Site "Abu Dhabi UAE"]
[Date "2016.08.27"]
[Round "7.51"]
[White "Harikrishnan, A. Ra"]
[Black "Aditya, Mittal"]
[Result "1/2-1/2"]
[BlackTitle "CM"]
[WhiteElo "2280"]
[BlackElo "2140"]
[WhiteFideId "5081483"]
[BlackFideId "35042025"]
[EventDate "2016.08.21"]

1. e4 c5 2. Nf3 d6 3. Bb5+ Nd7 4. d4 Nf6 5. O-O cxd4 6. Qxd4 a6 7. Bxd7+ Bxd7 8.
c4 g6 9. b3 Bg7 10. Bb2 O-O 11. Nc3 Bc6 12. Nd5 Ne8 13. Qd2 Bxb2 14. Qxb2 e6 15.
Nc3 Qf6 16. Qd2 Rd8 17. Rad1 Nc7 18. Rfe1 Qg7 19. Nd4 e5 20. Nxc6 bxc6 21. Ne2
f5 22. Qb4 fxe4 23. Rxd6 Qf7 24. Rf1 e3 25. f3 Ne6 26. Rxd8 Rxd8 27. Qc3 Qa7 28.
Qxe5 Nd4 29. Nxd4 Qxd4 30. Qxd4 Rxd4 31. Re1 Rd3 32. Kf1 Kf7 33. Ke2 Rc3 34. Rd1
a5 35. Rd3 Rc2+ 36. Kxe3 Rxa2 37. Kd4 Rxg2 38. Kc5 Rxh2 39. Kxc6 Rc2 40. Kb5 h5
41. c5 h4 42. c6 h3 43. Kb6 h2 44. Rd1 Rc3 45. c7 Ke7 46. Re1+ Kd7 47. Rd1+ Ke7
48. Re1+ Kd7 49. Rd1+ Ke7 50. Rh1 Rxb3+ 51. Kc6 Rc3+ 52. Kb7 Rb3+ 53. Kc8 Rb2
54. Re1+ Kf7 55. Kd7 Rd2+ 56. Kc6 Rc2+ 57. Kb6 a4 58. Rh1 a3 59. Rxh2 Rb2+ 60.
Rxb2 axb2 61. c8=Q b1=Q+ 62. Kc7 Qc2+ 63. Kd8 Qxc8+ 64. Kxc8 Ke7 65. Kc7 g5 66.
Kc8 Ke8 67. Kc7 Ke7 68. Kc8 Ke6 69. Kd8 Ke5 70. Ke7 Kf4 71. Kf6 Kxf3 72. Kxg5 1/2-1/2

[Event "23rd Abu Dhabi Masters"]
[Site "Abu Dhabi UAE"]
[Date "2016.08.27"]
[Round "7.52"]
[White "Pujari, Rucha"]
[Black "Pranavananda, V"]
[Result "1-0"]
[WhiteTitle "WFM"]
[WhiteElo "2137"]
[BlackElo "2271"]
[WhiteFideId "5024528"]
[BlackFideId "5073588"]
[EventDate "2016.08.21"]

1. d4 Nf6 2. c4 g6 3. g3 Bg7 4. Bg2 O-O 5. Nc3 d6 6. Nf3 Nc6 7. d5 Na5 8. Nd2 c5
9. O-O a6 10. Qc2 Rb8 11. Rb1 b5 12. b3 e5 13. e4 Bd7 14. Bb2 Bh6 15. f4 exf4
16. Ne2 bxc4 17. gxf4 cxb3 18. axb3 Bb5 19. Bf3 Bg7 20. Ra1 Re8 21. Bc3 Nb7 22.
Nc4 Re7 23. Ng3 Qd7 24. Rfe1 Ne8 25. e5 h5 26. e6 Qd8 27. exf7+ Kxf7 28. Ne4 Bh6
29. f5 Qd7 30. f6 Rxe4 31. Rxe4 Bf8 32. Re6 Nd8 33. Bxh5 gxh5 34. Qh7+ Ng7 35.
fxg7 Nxe6 36. dxe6+ Ke8 37. exd7+ 1-0

[Event "23rd Abu Dhabi Masters"]
[Site "Abu Dhabi UAE"]
[Date "2016.08.27"]
[Round "7.53"]
[White "Wafa, Shrook"]
[Black "Derakhshani, Borna"]
[Result "0-1"]
[WhiteTitle "WGM"]
[BlackTitle "FM"]
[WhiteElo "2106"]
[BlackElo "2265"]
[WhiteFideId "10609970"]
[BlackFideId "12518450"]
[EventDate "2016.08.21"]

1. e4 e5 2. Nf3 Nc6 3. Bb5 g6 4. O-O Bg7 5. c3 a6 6. Ba4 d6 7. h3 Nf6 8. Re1 O-O
9. d4 Bd7 10. Nbd2 Re8 11. d5 Ne7 12. Bxd7 Qxd7 13. Nf1 Nh5 14. g4 Nf4 15. Bxf4
exf4 16. Qd2 Be5 17. N1h2 h5 18. c4 f6 19. Nxe5 dxe5 20. Rad1 Rad8 21. c5 Kg7
22. Qc3 hxg4 23. Nxg4 Rh8 24. Kg2 Rh4 25. f3 Rdh8 26. Rh1 Qc8 27. Nxe5 fxe5 28.
Qxe5+ Kf7 29. d6 Nc6 30. Qd5+ Kg7 31. dxc7 Qxc7 32. Qd7+ Qxd7 33. Rxd7+ Kf6 34.
Rxb7 R8h5 35. b4 Ne5 36. Kf2 Rg5 37. Rb6+ Ke7 38. Rxa6 Nd3+ 39. Ke2 Nxb4 40.
Ra7+ Ke6 41. a3 Nc6 42. Rg7 Ne7 43. Rc1 Kf6 44. Rxe7 Kxe7 45. c6 Kd8 46. c7+ Kc8
47. Rc6 Rxh3 48. Rf6 Rg2+ 49. Ke1 0-1

[Event "23rd Abu Dhabi Masters"]
[Site "Abu Dhabi UAE"]
[Date "2016.08.27"]
[Round "7.54"]
[White "Wafa, Shahenda"]
[Black "Severina, Maria"]
[Result "1/2-1/2"]
[WhiteTitle "WIM"]
[BlackTitle "WIM"]
[WhiteElo "2113"]
[BlackElo "2262"]
[WhiteFideId "10609962"]
[BlackFideId "4116909"]
[EventDate "2016.08.21"]

1. e4 e5 2. Nf3 Nc6 3. Bb5 a6 4. Ba4 Nf6 5. O-O Be7 6. Re1 b5 7. Bb3 d6 8. c3
O-O 9. h3 Na5 10. Bc2 c5 11. d4 Qc7 12. Nbd2 Bd7 13. Nf1 Nc4 14. b3 Nb6 15. d5
c4 16. b4 a5 17. Ba3 Bd8 18. bxa5 Rxa5 19. Bb4 Ra7 20. g4 Na4 21. Bxa4 Rxa4 22.
Ng3 Qb8 23. a3 Ba5 24. Nh4 Bxb4 25. axb4 Rxa1 26. Qxa1 Qb7 27. Nhf5 Ra8 28. Qc1
Bxf5 29. Nxf5 Ne8 30. Qg5 f6 31. Qh4 g6 32. Nh6+ Kg7 33. Re3 Qa7 34. g5 Qa1+ 35.
Kg2 Qc1 36. gxf6+ Nxf6 37. Ng4 Nxg4 38. Qe7+ Kg8 39. Qe6+ Kg7 40. hxg4 Ra1 41.
Qe7+ Kg8 42. Qe8+ Kg7 43. Qe7+ Kg8 44. Qe8+ 1/2-1/2

[Event "23rd Abu Dhabi Masters"]
[Site "Abu Dhabi UAE"]
[Date "2016.08.27"]
[Round "7.55"]
[White "Sadhwani, Raunak"]
[Black "Srinath, Rao S.V."]
[Result "1-0"]
[WhiteTitle "CM"]
[BlackTitle "FM"]
[WhiteElo "2069"]
[BlackElo "2261"]
[WhiteFideId "35093487"]
[BlackFideId "5028876"]
[EventDate "2016.08.21"]

1. e4 e5 2. Nf3 Nc6 3. Bb5 Nf6 4. d3 Bc5 5. Bxc6 dxc6 6. O-O Qe7 7. h3 h6 8.
Nbd2 g5 9. Nb3 g4 10. Nxc5 Qxc5 11. d4 exd4 12. hxg4 Bxg4 13. Qxd4 Qxd4 14. Nxd4
O-O-O 15. Be3 c5 16. Nb3 b6 17. f3 Be6 18. Rad1 Nd7 19. Bf4 h5 20. Kf2 f6 21.
Nc1 Rde8 22. b3 a5 23. Ne2 Nf8 24. Bh2 Ng6 25. Nf4 Nxf4 26. Bxf4 Rhg8 27. Rh1
Bf7 28. Rh3 Rg7 29. Rg3 Rh7 30. Rh1 Kb7 31. Bd2 c4 32. Rb1 cxb3 33. cxb3 Be6 34.
Bf4 a4 35. bxa4 Bxa2 36. Rb2 Bc4 37. Rb4 Be6 38. a5 Bf7 39. axb6 cxb6 40. Rd4
Ka6 41. Rd6 Re6 42. Rxe6 Bxe6 43. Rg6 Rf7 44. Be5 Bc4 45. Rxf6 Rxf6 46. Bxf6 Kb7
47. g3 Kc6 48. Ke3 b5 49. Be7 Kd7 50. Bb4 Ke6 51. f4 Kf6 52. Bc3+ Kg6 53. Kd4
Kf6 54. Kc5+ Kg6 55. Kd6 Bd3 56. Ke5 Bc4 57. Bd2 h4 58. gxh4 Kh5 59. Be1 b4 60.
f5 b3 61. Bc3 Kxh4 62. Kf4 Kh5 63. e5 Bd3 64. e6 Bc4 65. Ke5 Kg5 66. f6 Kg6 67.
f7 1-0

[Event "23rd Abu Dhabi Masters"]
[Site "Abu Dhabi UAE"]
[Date "2016.08.27"]
[Round "7.56"]
[White "Mayed, AlRashedi"]
[Black "Ashwath, R."]
[Result "0-1"]
[WhiteTitle "FM"]
[WhiteElo "2023"]
[BlackElo "2227"]
[WhiteFideId "9303871"]
[BlackFideId "5021049"]
[EventDate "2016.08.21"]

1. e4 c5 2. Nf3 Nc6 3. d4 cxd4 4. Nxd4 g6 5. c4 Nf6 6. Nc3 Nxd4 7. Qxd4 d6 8.
Bg5 Bg7 9. Be2 O-O 10. Qd2 a5 11. Rd1 Be6 12. b3 Nd7 13. O-O Nc5 14. f3 Re8 15.
Rb1 Qb6 16. Be3 Qb4 17. Nb5 Qxd2 18. Bxd2 Rec8 19. Nc3 Bd4+ 20. Kh1 Bxc3 21.
Bxc3 b5 22. cxb5 Nxb3 23. Be1 Nd4 24. b6 Rc2 25. Bd3 Rxa2 26. b7 Rb8 27. Ba6 Nb3
28. Bf2 Nc5 29. Bxc5 dxc5 30. Rb6 a4 31. Rc6 a3 32. Rxc5 Rb2 33. h4 a2 34. Ra1
Kg7 35. Kh2 Rb1 36. Rc1 Rxc1 37. Rxc1 Kf6 38. f4 Bb3 39. Rc6+ e6 40. Rc1 Bc2 41.
Ra1 Bb1 42. Kg3 e5 43. Kf3 h6 44. g3 g5 45. hxg5+ hxg5 46. f5 g4+ 47. Ke3 Ke7
48. Bc4 Rxb7 49. Bxa2 Bxa2 50. Rxa2 Rb3+ 51. Kf2 Rf3+ 52. Kg2 Re3 53. Ra7+ Kf6
54. Ra6+ Kg5 55. Ra4 Re2+ 56. Kf1 Rd2 57. Ra5 Kf6 58. Ra6+ Ke7 59. Ra7+ Rd7 60.
Rxd7+ Kxd7 61. Ke2 Kd6 62. f6 Kc5 0-1

[Event "23rd Abu Dhabi Masters"]
[Site "Abu Dhabi UAE"]
[Date "2016.08.27"]
[Round "7.58"]
[White "Senthil, Maran K"]
[Black "Al-Zaabi, Sultan"]
[Result "1-0"]
[BlackTitle "CM"]
[WhiteElo "2208"]
[BlackElo "1698"]
[WhiteFideId "25035681"]
[BlackFideId "9307583"]
[EventDate "2016.08.21"]

1. d4 d5 2. c4 c6 3. Nf3 Nf6 4. g3 Bf5 5. Nc3 e6 6. Nh4 Bg4 7. h3 Bh5 8. Qb3 Qb6
9. g4 Bg6 10. Nxg6 hxg6 11. Bg2 Be7 12. O-O Qxb3 13. axb3 Na6 14. Bf4 O-O 15.
Ra4 Nd7 16. Raa1 Nb6 17. c5 Nd7 18. e3 Naxc5 19. dxc5 Nxc5 20. b4 Nb3 21. Ra4
Nd2 22. Rfa1 a6 23. e4 Nc4 24. exd5 exd5 25. b5 cxb5 26. Nxb5 Nb6 27. Nc7 Nxa4
28. Nxa8 Nxb2 29. Nc7 Nd3 30. Nxd5 Bc5 31. Bg3 f5 32. gxf5 gxf5 33. Rd1 f4 34.
Bh4 Ne5 35. Ne7+ Bxe7 36. Bxe7 Rf7 37. Bd5 1-0

[Event "23rd Abu Dhabi Masters"]
[Site "Abu Dhabi UAE"]
[Date "2016.08.27"]
[Round "7.59"]
[White "Ajay Krishna, S"]
[Black "Geldiyeva, Mahri"]
[Result "1-0"]
[BlackTitle "WGM"]
[WhiteElo "2125"]
[BlackElo "2285"]
[WhiteFideId "5096430"]
[BlackFideId "14000059"]
[EventDate "2016.08.21"]

1. d4 d5 2. Nf3 e6 3. g3 Bd6 4. Bg2 Nd7 5. c4 c6 6. O-O f5 7. Qc2 Ngf6 8. b3 Qe7
9. Nc3 Ne4 10. Na4 O-O 11. Nb2 Ndf6 12. Nd3 Bd7 13. Nfe5 Ne8 14. f3 N4f6 15. Bg5
Bc8 16. e4 Qc7 17. exf5 exf5 18. c5 Be7 19. Rae1 Bd8 20. Bf4 Qa5 21. b4 Qa6 22.
Rf2 b5 23. cxb6 Bxb6 24. Nxc6 Bb7 25. Ne7+ Kh8 26. Nc5 Bxc5 27. bxc5 Nh5 28. Be5
Rd8 29. g4 Rd7 30. Nxf5 Nhf6 31. Bf1 Qa5 32. Rb1 Ba6 33. Bxa6 Qxa6 34. c6 Rdf7
35. c7 Nxc7 36. Bxc7 Rc8 37. Rb8 g6 38. Nd6 1-0

[Event "23rd Abu Dhabi Masters"]
[Site "Abu Dhabi UAE"]
[Date "2016.08.27"]
[Round "7.60"]
[White "Dargan, Paul A G"]
[Black "Zayed, Ali Al-hamed"]
[Result "1-0"]
[WhiteTitle "CM"]
[WhiteElo "2159"]
[BlackElo "2002"]
[WhiteFideId "416762"]
[BlackFideId "9303340"]
[EventDate "2016.08.21"]

1. e4 e5 2. Nf3 Nc6 3. Bc4 Bc5 4. c3 Nf6 5. d3 O-O 6. Bb3 d5 7. Qe2 dxe4 8. dxe4
a6 9. Bg5 Qe7 10. Nbd2 h6 11. Bh4 b5 12. O-O Bb7 13. Bd5 Rad8 14. a4 g5 15. axb5
gxh4 16. Bxc6 Bxc6 17. bxc6 Nh5 18. Nb3 Nf4 19. Qxa6 Bb6 20. Qb5 Rde8 21. Kh1
Kh7 22. g3 Ng6 23. Qe2 f5 24. exf5 Rxf5 25. Qe4 Qf7 26. Nxh4 Rxf2 27. Rxf2 Bxf2
28. Rf1 Rg8 29. Nd2 Kh8 30. Nxg6+ Rxg6 31. Qg2 Rf6 32. Ne4 Rf3 33. Rxf2 1-0

[Event "23rd Abu Dhabi Masters"]
[Site "Abu Dhabi UAE"]
[Date "2016.08.28"]
[Round "8.1"]
[White "Dragun, Kamil"]
[Black "Adhiban, Baskaran"]
[Result "0-1"]
[WhiteTitle "GM"]
[BlackTitle "GM"]
[WhiteElo "2609"]
[BlackElo "2671"]
[WhiteFideId "1134167"]
[BlackFideId "5018471"]
[EventDate "2016.08.21"]

1. d4 Nf6 2. c4 g6 3. Nc3 Bg7 4. e4 d6 5. Bd3 O-O 6. Nge2 c5 7. d5 e6 8. Bg5 h6
9. Bh4 exd5 10. exd5 Nbd7 11. f4 g5 12. Bg3 Ng4 13. O-O gxf4 14. Bxf4 Nde5 15.
Bc2 Ng6 16. Qd3 f5 17. Qg3 h5 18. Rae1 h4 19. Qf3 N6e5 20. Bxe5 Bxe5 21. Nf4 Qg5
22. Kh1 Bd7 23. Nce2 Rae8 24. h3 Nf6 25. Rg1 Kh8 26. g3 Rg8 27. Ref1 hxg3 28.
Rxg3 Qh6 29. Rxg8+ Rxg8 30. Rg1 Ng4 31. Rg3 Re8 32. Kg1 Bxf4 33. Nxf4 Re3 34.
hxg4 Rxf3 35. Rxf3 fxg4 36. Rf2 g3 37. Ng6+ Kg7 38. Re2 Bg4 39. Re7+ Kf6 0-1

[Event "23rd Abu Dhabi Masters"]
[Site "Abu Dhabi UAE"]
[Date "2016.08.28"]
[Round "8.4"]
[White "Salem, A.R. Saleh"]
[Black "Amin, Bassem"]
[Result "1/2-1/2"]
[WhiteTitle "GM"]
[BlackTitle "GM"]
[WhiteElo "2617"]
[BlackElo "2654"]
[WhiteFideId "9301348"]
[BlackFideId "10601457"]
[EventDate "2016.08.21"]

1. d4 Nf6 2. c4 e6 3. Nf3 d5 4. Nc3 dxc4 5. e4 Bb4 6. Bg5 c5 7. Bxc4 cxd4 8.
Nxd4 Bxc3+ 9. bxc3 Qa5 10. Bxf6 Qxc3+ 11. Kf1 gxf6 12. Rc1 Qa5 13. h4 Ke7 14.
Rh3 Nc6 15. Nxc6+ bxc6 16. Rhc3 Rd8 17. Qf3 Ba6 18. Bxa6 Qxa6+ 19. Kg1 Rd6 20.
Qe3 Qb6 21. e5 fxe5 22. Qg5+ Kf8 23. Qf6 Qd8 24. Qxe5 Rd1+ 25. Rxd1 Qxd1+ 26.
Kh2 Rd8 27. Qh8+ Ke7 28. Qxh7 Qd6+ 29. g3 Qd5 30. Qc2 Rd6 31. Qa4 a5 32. Qa3 f5
33. Rc5 Qd4 34. Kg1 Qb4 35. Rxa5 Qxa3 36. Rxa3 Rd2 37. Kf1 Kf6 38. Ke1 Rb2 39.
Ra8 c5 40. a4 Rb1+ 41. Ke2 Rb2+ 42. Kf3 Rb3+ 43. Kg2 c4 44. Rc8 c3 45. a5 Ra3
46. a6 Rxa6 47. Rxc3 Ra2 48. Rc6 Rb2 49. Ra6 Rc2 50. Kf3 Rc3+ 51. Ke2 f4 52.
gxf4 Rh3 53. f5 Kxf5 54. Ra4 e5 55. f3 Rh2+ 56. Ke3 Rb2 57. Ra8 Rh2 58. Rh8 Kf6
59. Rh5 Kg6 60. Rxe5 1/2-1/2

[Event "23rd Abu Dhabi Masters"]
[Site "Abu Dhabi UAE"]
[Date "2016.08.28"]
[Round "8.5"]
[White "Prohaszka, Peter2"]
[Black "Areshchenko, Alexander"]
[Result "0-1"]
[WhiteTitle "GM"]
[BlackTitle "GM"]
[WhiteElo "2604"]
[BlackElo "2665"]
[WhiteFideId "726265"]
[BlackFideId "14109530"]
[EventDate "2016.08.21"]

1. d4 Nf6 2. c4 g6 3. Nf3 Bg7 4. g3 c6 5. Bg2 d5 6. O-O O-O 7. Qb3 Qb6 8. Nc3
Rd8 9. Rd1 Bf5 10. cxd5 Qxb3 11. axb3 Nxd5 12. Bg5 f6 13. Bd2 Nb4 14. e4 Bg4 15.
Rac1 N8a6 16. Be3 Be6 17. d5 cxd5 18. Nd4 Bf7 19. Nxd5 Nxd5 20. exd5 Bxd5 21.
Bxd5+ Rxd5 22. Ne6 Rxd1+ 23. Rxd1 Bf8 24. Rd4 Kf7 25. Rd8 Nc7 26. Rxf8+ Kxe6 27.
Rxa8 Nxa8 28. Bxa7 Kd5 29. Kf1 Nc7 30. Ke1 Nb5 31. Bb6 Nd4 32. Bd8 Kd6 33. Kd2
Nxb3+ 34. Kc3 Nc5 35. Kc4 Ne4 36. Bb6 Kc6 37. Bd8 Nd6+ 38. Kd3 Nc8 39. Ba5 Kd5
40. Bd8 f5 41. h3 e5 42. g4 Na7 43. gxf5 gxf5 44. f3 Nc6 45. Bb6 f4 46. Kc3 Ne7
47. Kd3 Nc6 48. Kc3 Ne7 49. Kd3 Nf5 50. Bf2 Nd4 51. Bxd4 exd4 52. h4 h5 53. b3
b6 54. Kd2 Kc5 55. Kd3 Kb4 56. Kxd4 Kxb3 57. Ke4 b5 58. Kxf4 b4 59. Kg5 Kc4 60.
f4 b3 61. f5 b2 62. f6 b1=Q 63. f7 Qb8 0-1

[Event "23rd Abu Dhabi Masters"]
[Site "Abu Dhabi UAE"]
[Date "2016.08.28"]
[Round "8.6"]
[White "Oleksiyenko, Mykhaylo"]
[Black "Kuzubov, Yuriy"]
[Result "1/2-1/2"]
[WhiteTitle "GM"]
[BlackTitle "GM"]
[WhiteElo "2610"]
[BlackElo "2639"]
[WhiteFideId "4152417"]
[BlackFideId "14112906"]
[EventDate "2016.08.21"]

1. e4 d6 2. d4 Nf6 3. Nc3 e5 4. Nf3 Nbd7 5. Bc4 Be7 6. O-O exd4 7. Nxd4 Nb6 8.
Be2 O-O 9. a4 a5 10. f4 Re8 11. Bf3 Nfd7 12. b3 Bf8 13. Ndb5 Nc5 14. e5 Na6 15.
Ba3 dxe5 16. Qxd8 Rxd8 17. Bxf8 Kxf8 18. fxe5 Rb8 19. Rf2 Be6 20. Raf1 Ke7 21.
Bh5 Rf8 22. Ne4 Nd7 23. Ng5 g6 24. Be2 h6 25. Nf3 Rbd8 26. Re1 Ndc5 27. Bf1 Rd7
28. Nfd4 Nb4 29. Nxe6 fxe6 30. Rxf8 Kxf8 31. c3 Nd5 32. Bc4 Nb6 33. b4 Nxc4 34.
bxc5 Ke7 35. Re4 Rd1+ 36. Kf2 Nb2 37. Nxc7 Rd2+ 38. Kf1 Kd7 39. Nb5 Kc6 40. Nd4+
Kd5 41. Rg4 g5 42. Nb3 Rc2 43. Nxa5 Rxc3 44. Nxb7 Nd3 45. a5 Ra3 46. Rg3 Ra1+
47. Ke2 Nxc5 48. Nxc5 Kxc5 49. Rd3 Rxa5 50. Rd6 Kc4 51. Rxe6 Kd4 52. Kf3 h5 53.
h4 Ra3+ 54. Kf2 gxh4 55. Re8 Kd5 56. Rh8 1/2-1/2

[Event "23rd Abu Dhabi Masters"]
[Site "Abu Dhabi UAE"]
[Date "2016.08.28"]
[Round "8.8"]
[White "Fedoseev, Vladimir3"]
[Black "Antipov, Mikhail Al."]
[Result "1-0"]
[WhiteTitle "GM"]
[BlackTitle "GM"]
[WhiteElo "2670"]
[BlackElo "2565"]
[WhiteFideId "24130737"]
[BlackFideId "4107012"]
[EventDate "2016.08.21"]

1. d4 Nf6 2. c4 e6 3. Nf3 Bb4+ 4. Bd2 Qe7 5. g3 Bxd2+ 6. Qxd2 Nc6 7. Nc3 d5 8.
cxd5 exd5 9. Bg2 Bg4 10. O-O O-O-O 11. Rac1 Rhe8 12. Qf4 h6 13. h4 Bxf3 14. Bxf3
g5 15. hxg5 hxg5 16. Qf5+ Qe6 17. Qxe6+ fxe6 18. Rfd1 Rh8 19. e3 Rh6 20. Bg2 g4
21. Kf1 Ne7 22. Ke2 Kd7 23. Rh1 Rdh8 24. Rxh6 Rxh6 25. e4 a5 26. Rh1 Rxh1 27.
Bxh1 b6 28. Ke3 c5 29. dxc5 bxc5 30. Kf4 d4 31. Na4 Kc6 32. Ke5 Nd7+ 33. Kxe6
Ng6 34. e5+ Kc7 35. Be4 Ngxe5 36. Kd5 d3 37. Bf5 d2 38. Nc3 Nc6 39. Bxd7 Kxd7
40. a3 Nd4 41. Kxc5 Nb3+ 42. Kc4 a4 43. Kd3 1-0

[Event "23rd Abu Dhabi Masters"]
[Site "Abu Dhabi UAE"]
[Date "2016.08.28"]
[Round "8.9"]
[White "Efimenko, Zahar"]
[Black "Mekhitarian, Krikor Sevag"]
[Result "1/2-1/2"]
[WhiteTitle "GM"]
[BlackTitle "GM"]
[WhiteElo "2661"]
[BlackElo "2550"]
[WhiteFideId "14107201"]
[BlackFideId "2107660"]
[EventDate "2016.08.21"]

1. Nf3 d5 2. g3 c5 3. Bg2 Nc6 4. d4 Nf6 5. O-O cxd4 6. Nxd4 e5 7. Nxc6 bxc6 8.
c4 Be6 9. Bg5 Rc8 10. Qa4 Qd7 11. Bxf6 gxf6 12. e3 d4 13. exd4 exd4 14. Nd2 c5
15. Qb3 Bg7 16. Qd3 O-O 17. f4 Bf5 18. Be4 Bxe4 19. Nxe4 Rfe8 20. Rae1 Qc6 21.
g4 Re6 22. Re2 Rce8 23. Rfe1 Qc7 24. f5 Re5 25. Ng3 Bh6 26. Rxe5 Rxe5 27. Rxe5
Qxe5 28. Qe4 Qb8 29. Nh5 Qxb2 30. Nxf6+ Kg7 31. Nh5+ Kg8 32. Qe8+ Bf8 33. Nf6+
Kg7 34. Qe5 Qc1+ 35. Kg2 Qxc4 36. Nh5+ Kg8 37. Nf6+ Kg7 38. Nh5+ Kg8 39. Nf6+
Kg7 40. Nd7+ Kg8 41. Nf6+ 1/2-1/2

[Event "23rd Abu Dhabi Masters"]
[Site "Abu Dhabi UAE"]
[Date "2016.08.28"]
[Round "8.10"]
[White "Illingworth, Max"]
[Black "Iturrizaga Bonelli, Eduardo"]
[Result "0-1"]
[WhiteTitle "GM"]
[BlackTitle "GM"]
[WhiteElo "2458"]
[BlackElo "2626"]
[WhiteFideId "3205207"]
[BlackFideId "3901211"]
[EventDate "2016.08.21"]

1. d4 Nf6 2. c4 b6 3. f3 Nc6 4. Nc3 e5 5. d5 Ne7 6. e3 Ng6 7. Nge2 h5 8. h4 Bc5
9. Na4 Bb4+ 10. Nec3 e4 11. Qd4 Qe7 12. a3 Bd6 13. f4 c6 14. b4 c5 15. Qd2 Ba6
16. bxc5 bxc5 17. Nb5 O-O 18. Nac3 Bb8 19. a4 Bb7 20. Nd1 a6 21. Nbc3 Bc7 22. a5
Rab8 23. Nf2 d6 24. Be2 Bc8 25. g3 Re8 26. Qa2 Qd8 27. Rg1 Ne7 28. Bd1 Nf5 29.
Bc2 Nd4 30. exd4 cxd4 31. Ncd1 Ng4 32. Bb2 Nh2 33. Bxd4 Nf3+ 34. Kf1 Nxd4 35.
Bxe4 Qf6 36. Kg2 Bf5 37. Re1 Nc2 38. Qxc2 Qxa1 39. Re2 Bd7 40. Ne3 Bxa5 41. c5
Bb5 42. cxd6 Bxe2 43. Qxe2 Rxe4 44. Nxe4 Rb2 45. Nc2 Qc1 46. Nf2 Qxc2 0-1